000 01064cam a2200301 4500
001 6110
003 BD-RjUL
005 20211208234204.0
008 140109r19671919enk b 001 0 eng d
020 _a0045100209
035 _a(BD-RjUL)6149
040 _aDLC
_cDLC
_dDLChttp://172.16.21.25:8010/cgi-bin/koha/cataloguing/addbiblio.pl?biblionumber=0&z3950=1&frameworkcode=RUCL&breedingid=141714#
_d(BD-RjUL)
_beng
041 _aeng
082 0 0 _a510.1
_bRUI
100 1 _aRussell, Bertrand,
_d1872-1970.
_919231
245 1 0 _aIntroduction to mathematical philosophy /
_cRussell, Bertrand,
260 _aLondon :
_bG. Allen and Unwin;
_c1919 [Impretion 1967]
300 _axii, 208 p. ;
_c23 cm.
350 _a£1.50
500 _a"First published in 1919 ... thirteenth impression, 1970."
504 _aIncludes bibliographical references.
650 0 _aMathematics
_xPhilosophy.
_95282
740 0 _aMathematical philosophy.
942 _2ddc
_cBK
999 _c6110
_d6110